000 00536nam a22002177a 4500
001 64113
003 UA-OsUOA
005 20211105191000.0
007 ta
008 20091029b un ||||| |||| 00| 0 ukr d
040 _aUA-OsUOA
_bukr
_cUA-OsUOA
_dUA-OsUOA
041 _aukr
080 _a94(470+571)
090 _a94(470+571)
_bН12
245 _aНа допомогу вивчаючим історію ВКП(б)
260 _aК.
_c1951
300 _a190 с.
650 7 _a94 Історія
_2UDC
942 _cBK
_2udc
955 _a2
999 _c350390
_d350390